000 00346nam a2200133Ia 4500
008 220204s9999 xx 000 0 und d
082 _a581.192.8
_bSUT
100 _aBAKER, Dannis A
245 0 _aPlants and mineral salts.
260 _aNew Delhi
_bOxford&IBH
_c1974
650 _aPlant mineral salt
700 _aSUTCLIFE, James F
942 _cBK
999 _c23883
_d23883